| 000 | 01113nac a22002651u 4500 | ||
|---|---|---|---|
| 010 | _a 2001019006 | ||
| 020 | _a1555879098 | ||
| 082 | 0 | 0 |
_a327.561056 _bLIE |
| 090 |
_c8834 _d8834 |
||
| 100 | _aLiel, Alon. | ||
| 245 | 1 | 0 |
_aTurkey in the Middle East : _boil, Islam, and politics / _cAlon Liel ; translated by Emanuel Lottem. |
| 260 |
_aBoulder, Co. : _bLynne Rienner Publishers,2001 _c2001. |
||
| 300 |
_aviii, 253 p. ; _c24 cm. |
||
| 500 | _adistributer: Baccah | ||
| 504 | _aIncludes bibliographical references and index. | ||
| 511 | _acatalogued by: wessam | ||
| 650 | 0 |
_aPetroleum industry and trade _xGovernment policy _zTurkey. |
|
| 650 | 0 |
_aIslam and politics _zTurkey. |
|
| 651 | 0 |
_aTurkey _xForeign economic relations _zMiddle East. |
|
| 651 | 0 |
_aMiddle East _xForeign economic relations _zTurkey. |
|
| 651 | 0 |
_aTurkey _xForeign relations _zMiddle East. |
|
| 651 | 0 |
_aMiddle East _xForeign relations _zTurkey. |
|
| 942 |
_cBB _k327.561056LIE |
||
| 999 |
_c8834 _d8834 |
||